[Event "Let's Play Chess!"]
[Site "http://www.queenalice.com/game.php?id=1826643"]
[Date "2023.12.7"]
[Round "-"]
[White "igor12345"]
[Black "jcharro1979"]
[Result "0-1"]
[WhiteElo "1998"]
[BlackElo "2461"]

1. e4 c5 2. Nf3 Nc6 3. d4 cxd4 4. Nxd4 g6 5. c3 Nf6 6. Bd3 Bg7 7. Bg5 O-O 8. Ne2
d5 9. Bxf6 Bxf6 10. O-O Ne5 11. exd5 Qxd5 12. Bc2 Qb5 13. Bb3 Bg4 14. Nd4 Bxd1
15. Nxb5 Bxb3 16. axb3 a6 17. Nd4 Nd3 18. Rd1 Nxb2 19. Rd2 Rac8 20. Rxb2 Bxd4
21. cxd4 Rc1# 0-1

[Event "Let's Play Chess!"]
[Site "http://www.queenalice.com/game.php?id=1826644"]
[Date "2023.12.7"]
[Round "-"]
[White "jcharro1979"]
[Black "igor12345"]
[Result "1-0"]
[WhiteElo "2460"]
[BlackElo "1987"]

1. e4 c5 2. Bc4 Nc6 3. Nf3 d6 4. c3 Nf6 5. d4 Nxe4 6. Qb3 e6 7. d5 Na5 8. Qa4+
Bd7 9. Bb5 b6 10. Bxd7+ Qxd7 11. Qxe4 Rb8 12. O-O e5 13. Nxe5 dxe5 14. Qxe5+ 1-0

[Event "Let's Play Chess!"]
[Site "http://www.queenalice.com/game.php?id=1828030"]
[Date "2024.1.5"]
[Round "-"]
[White "jcharro1979"]
[Black "igor12345"]
[Result "1-0"]
[WhiteElo "2453"]
[BlackElo "1963"]

1. e4 c5 2. Nf3 d6 3. d4 cxd4 4. Nxd4 Nf6 5. Nc3 Nc6 6. Be3 a6 7. Be2 Qc7 8. O-O
b5 9. Nd5 Nxd5 10. exd5 Ne5 11. Rc1 Bb7 12. c3 Rc8 13. Qb3 g6 14. f4 Nc4 15.
Nxb5 axb5 16. Qxb5+ Qd7 17. Bxc4 Ra8 18. Qb6 Bxd5 19. Bb5 1-0

[Event "Let's Play Chess!"]
[Site "http://www.queenalice.com/game.php?id=1828409"]
[Date "2024.1.5"]
[Round "-"]
[White "igor12345"]
[Black "jcharro1979"]
[Result "0-1"]
[WhiteElo "2002"]
[BlackElo "2454"]

1. e4 c5 2. Nf3 e6 3. c3 d5 4. e5 d4 5. Bb5+ Bd7 6. Be2 Nc6 7. d3 Nge7 8. Bg5 h6
9. Bxe7 Bxe7 10. O-O Qc7 11. Nbd2 Nxe5 12. Nxe5 Qxe5 13. c4 O-O 14. Bf3 Bd6 15.
g3 f5 16. Re1 Qf6 17. Rb1 Rab8 18. Bg2 e5 19. Bd5+ Kh8 20. f3 b6 21. Rf1 Rbe8
22. Qe2 e4 23. fxe4 Qg6 24. Qg2 Qh5 25. Qf3 Qg5 26. Qg2 Qe3+ 27. Kh1 Qxd3 28. b3
f4 29. Rf3 Qc2 30. Rbf1 g5 31. Nb1 Qxg2+ 32. Kxg2 g4 33. Rd3 f3+ 34. Kf2 Kg7 35.
Re1 h5 36. Nd2 h4 37. Rh1 Rh8 38. Nf1 hxg3+ 39. Nxg3 Bxg3+ 40. Kxg3 Rh3+ 41. Kf2
Reh8 42. Kg1 f2+ 43. Kxf2 Rxd3 44. e5 Rd2+ 45. Kg3 Rh3+ 46. Kf4 Rf2+ 0-1

[Event "Let's Play Chess!"]
[Site "http://www.queenalice.com/game.php?id=1831275"]
[Date "2024.2.10"]
[Round "-"]
[White "igor12345"]
[Black "jcharro1979"]
[Result "1-0"]
[WhiteElo "2084"]
[BlackElo "2456"]

1. e4 c5 2. Nf3 e6 3. c3 Nc6 4. d4 d5 5. e5 Qb6 6. a3 Bd7 7. b4 cxd4 8. cxd4 Rc8
9. Bb2 Nge7 10. Bd3 g6 11. O-O a5 12. b5 Na7 13. a4 Bh6 14. Nbd2 O-O 15. Nb3 Qd8
16. Nc5 b6 17. Nb3 Nf5 18. g3 Rc7 19. Nbd2 Bg7 20. Rc1 Rxc1 21. Qxc1 Nc8 22. Ba3
Re8 23. Nb3 h5 24. h4 Nce7 25. Qc3 Bh6 26. Bc1 Qb8 27. Bxh6 Nxh6 28. Ng5 Rc8 29.
Qd2 Nef5 30. Rc1 Kg7 31. Rxc8 Qxc8 32. Qc2 Qb8 33. Kg2 f6 34. exf6+ Kxf6 35. Qc1
e5 36. dxe5+ Kxe5 37. Qf4+ 1-0

[Event "Let's Play Chess!"]
[Site "http://www.queenalice.com/game.php?id=1831276"]
[Date "2024.2.10"]
[Round "-"]
[White "jcharro1979"]
[Black "igor12345"]
[Result "1-0"]
[WhiteElo "2455"]
[BlackElo "2053"]

1. e4 c5 2. Nf3 d6 3. Bc4 Nf6 4. e5 dxe5 5. Nxe5 e6 6. Qe2 Bd6 7. f4 a6 8. a4
Qc7 9. b3 Nc6 10. Nxc6 Qxc6 11. Bb2 Bxf4 12. Na3 Bc7 13. O-O-O Bf4 14. Rhf1 Bg5
15. Qe5 Bh6 16. g4 Ne4 17. h4 f6 18. Qh5+ Ke7 19. g5 fxg5 20. hxg5 Nxg5 21. Bxg7
1-0

[Event "Let's Play Chess!"]
[Site "http://www.queenalice.com/game.php?id=1832606"]
[Date "2024.3.2"]
[Round "-"]
[White "igor12345"]
[Black "jcharro1979"]
[Result "0-1"]
[WhiteElo "2073"]
[BlackElo "2442"]

1. d4 e6 2. c4 c5 3. d5 exd5 4. cxd5 d6 5. e4 Nf6 6. Nc3 g6 7. Nf3 Bg7 8. Be2
O-O 9. O-O Re8 10. Bg5 Nbd7 11. Nd2 h6 12. Be3 b6 13. Bb5 Bb7 14. f3 a6 15. Bd3
Nxd5 16. Bf2 Nxc3 17. bxc3 Bxc3 18. Rb1 b5 19. Qc2 Bg7 20. Rfe1 Ne5 21. Bf1 c4
22. Red1 Qd7 23. Be2 Rec8 24. Nf1 Nc6 25. a3 Na5 26. Nd2 Rab8 27. Bg3 Nc6 28.
Bf2 Nd4 29. Bxd4 Bxd4+ 30. Kh1 Qe7 31. Nf1 Bg7 32. Qd2 c3 33. Qxd6 Qxd6 34. Rxd6
c2 35. Rc1 Bb2 0-1

[Event "Let's Play Chess!"]
[Site "http://www.queenalice.com/game.php?id=1832607"]
[Date "2024.3.2"]
[Round "-"]
[White "jcharro1979"]
[Black "igor12345"]
[Result "1-0"]
[WhiteElo "2441"]
[BlackElo "2111"]

1. e4 c5 2. Nf3 d6 3. Bc4 Nf6 4. e5 dxe5 5. Nxe5 e6 6. Qe2 Bd6 7. f4 a6 8. a4
O-O 9. O-O Qc7 10. b3 Nfd7 11. Nxf7 Rxf7 12. Bxe6 Nf6 13. Bxf7+ Kxf7 14. Bb2 Be7
15. Re1 Nc6 16. Bxf6 gxf6 17. Qh5+ Kg7 18. Re3 Bf8 19. Nc3 Nd8 20. Rg3+ Kh8 21.
Qe8 Qe7 22. Re1 Ne6 23. Rxe6 Bxe6 24. Qxa8 f5 25. Re3 Qf7 26. Rxe6 1-0

[Event "Let's Play Chess!"]
[Site "http://www.queenalice.com/game.php?id=1833291"]
[Date "2024.3.15"]
[Round "-"]
[White "igor12345"]
[Black "jcharro1979"]
[Result "0-1"]
[WhiteElo "2124"]
[BlackElo "2444"]

1. e4 e5 2. f4 exf4 3. Nf3 g5 4. h3 Nf6 5. Bc4 Nxe4 6. Qe2 Qe7 7. d3 Ng3 8.
Qxe7+ Bxe7 9. Rg1 Nc6 10. a3 Bc5 11. Rf1 Nxf1 12. Kxf1 h6 13. c3 O-O 14. d4 Bb6
15. a4 d6 16. b4 a5 17. b5 Ne7 18. Ba3 Bf5 19. Nbd2 Rae8 20. Re1 Bc2 21. Bb3
Bxb3 22. Nxb3 Nd5 23. Bb2 Rxe1+ 24. Kxe1 Re8+ 25. Kd2 Ne3 26. Nc1 Nxg2 27. Ne2
Re3 28. Nfg1 f3 29. Ng3 f5 30. Nxf5 f2 0-1

[Event "Let's Play Chess!"]
[Site "http://www.queenalice.com/game.php?id=1833292"]
[Date "2024.3.15"]
[Round "-"]
[White "jcharro1979"]
[Black "igor12345"]
[Result "1-0"]
[WhiteElo "2446"]
[BlackElo "2122"]

1. e4 c5 2. Nf3 d6 3. d4 cxd4 4. Nxd4 Nf6 5. Nc3 a6 6. Be3 b5 7. Be2 Bb7 8. f3
e5 9. Nb3 Nbd7 10. a3 Nb6 11. Na5 Qc7 12. Nxb7 Qxb7 13. O-O h6 14. b3 Be7 15.
Qd2 O-O 16. Rad1 Rfd8 17. Nd5 Nfxd5 18. exd5 Rac8 19. Bd3 Kh8 20. Be4 g5 21. h4
Rg8 22. hxg5 Bxg5 23. f4 exf4 24. Rxf4 Rcf8 25. Bd4+ f6 26. Rxf6 Rxf6 27. Bxf6+
Rg7 28. Qd4 Bxf6 29. Qxf6 Qe7 30. Qxh6+ Kg8 31. Bf5 Kf8 32. Rf1 Ke8 33. Qh8+ Qf8
34. Bg6+ 1-0

[Event "Let's Play Chess!"]
[Site "http://www.queenalice.com/game.php?id=1833782"]
[Date "2024.3.20"]
[Round "-"]
[White "jcharro1979"]
[Black "Pumpernickel"]
[Result "1-0"]
[WhiteElo "2443"]
[BlackElo "1957"]

1. e4 Nc6 2. d4 d5 3. exd5 Qxd5 4. Nc3 Qxd4 5. Bd3 a6 6. Nf3 Qd6 7. O-O Bg4 8.
Ne4 Qd7 9. h3 Bxf3 10. Qxf3 e5 11. Be3 h6 12. Rad1 Qe6 13. Nc3 Nf6 14. Bf5 Qe7
15. Ne4 Nxe4 16. Bd7+ 1-0

[Event "AUTO-OPEN-4388"]
[Site "http://www.queenalice.com/game.php?id=1846827"]
[Date "2024.11.7"]
[Round "3"]
[White "jcharro1979"]
[Black "somchess"]
[Result "1-0"]
[WhiteElo "2459"]
[BlackElo "2131"]

1. e4 c5 2. Nf3 Nf6 3. Bc4 e6 4. e5 d5 5. exd6 Bxd6 6. O-O O-O 7. Nc3 a6 8. a4
e5 9. Ng5 h6 10. Nge4 Nc6 11. d3 Nd4 12. Re1 1-0

[Event "AUTO-OPEN-4388"]
[Site "http://www.queenalice.com/game.php?id=1846828"]
[Date "2024.11.7"]
[Round "3"]
[White "somchess"]
[Black "jcharro1979"]
[Result "0-1"]
[WhiteElo "2129"]
[BlackElo "2460"]

1. d4 d5 2. c4 c5 3. cxd5 Qxd5 4. Nf3 cxd4 5. Nc3 Qd8 6. Qxd4 Qxd4 7. Nxd4 Nf6
8. e4 e5 9. Ndb5 Na6 10. Bg5 Be7 11. Bxf6 Bxf6 0-1